| 000 | 01239nam0a22003011 4500 | ||
|---|---|---|---|
| 001 | rc\4018990 | ||
| 005 | 20250611060629.0 | ||
| 021 |
_aRU _b[50-14782] |
||
| 035 | _a(NLR Aleph) 008085136 | ||
| 090 |
_a9148760 _c9148760 |
||
| 100 | _a20130415d1950 |||y0rusy50 ca | ||
| 101 | 0 | _arus | |
| 102 | _aRU | ||
| 105 | _ay z ||||| | ||
| 200 | 1 | _aУчреждения Госбанка в борьбе за ускорение оборачиваемости оборотных средств | |
| 210 |
_aМосква _cГосфиниздат _d1950 _gтип. им. Котлякова в Л. |
||
| 215 |
_a48 с. _d20 |
||
| 225 | 1 | _aЗа сверхплановые накопления! | |
| 300 | _aПеред загл. авт.: Б.Ю. Кричевский | ||
| 606 |
_aПромышленные предприятия _xОборотные средства и их оборачиваемость _2psbo |
||
| 606 |
_aБанки _xЭкономическая работа _2psbo |
||
| 700 | 1 |
_7ca _8rus _aКричевский _bБ. Ю. _f-1957 _gБорис Юрьевич _9227234 _3RU\NLR\AUTH\770227290 |
|
| 801 | 0 |
_aRU _bNLR _gpsbo |
|
| 801 | 1 |
_aRU _bELAR _2rusmarc |
|
| 852 |
_aNLR _jЭк64 Г-4/605 |
||
| 942 | _cBOOK | ||
| 980 | _aNB | ||